The Indifferent Fate/ (Record no. 190960)

MARC details
000 -LEADER
fixed length control field 00531nam a22001817a 4500
005 - DATE AND TIME OF LATEST TRANSACTION
control field 20220816141814.0
010 ## - LCCN (DPL NO)
LC control number ENG-134417
020 ## - INTERNATIONAL STANDARD BOOK NUMBER
International Standard Book Number 978-93-91091-05-7
Terms of availability 190.00
035 ## - SYSTEM CONTROL NUMBER
System control number EN-117949
037 ## - SOURCE OF ACQUISITION
Source of stock number/acquisition DBAD/PUB
082 ## - DEWEY DECIMAL CLASSIFICATION NUMBER
Classification number 881
100 ## - MAIN ENTRY--PERSONAL NAME
Personal name Anand, Jernail Singh
245 ## - TITLE STATEMENT
Title The Indifferent Fate/
Statement of responsibility, etc Jernail Singh Anand
260 ## - PUBLICATION, DISTRIBUTION, ETC. (IMPRINT)
Place of publication, distribution, etc Haryana
Date of publication, distribution, etc 2021
Name of publisher, distributor, etc The Poetry Society of India
270 ## - ADDRESS
Address H-23/16, DLF Phase-1, Gurugram
City Haryana
Postal code 122002
300 ## - PHYSICAL DESCRIPTION
Extent 64p.
Dimensions 20cm(pb)
942 ## - ADDED ENTRY ELEMENTS (KOHA)
Source of classification or shelving scheme Dewey Decimal Classification
Item type English Books
Classification part 881
Call number suffix ANA
Holdings
Withdrawn status Lost status Not for loan Collection code Home library Current library Date acquired Source of acquisition Cost, normal purchase price Full call number Barcode Copy number Cost, replacement price Koha item type
      Non-fiction Ashok Vihar Ashok Vihar 16/08/2022 DBAD/PUB 190.00 881 ANA EN-117949 1 190.00 English Books

© Delhi Public Library
Hit Counter
free hit counter